| 000 | 00000nam##2200000za#4500 |
| 001 | 9.661254 |
| 003 | CaOODSP |
| 005 | 20200401083307 |
| 007 | ta |
| 008 | 150407|1999||||xxc||||| f|0| 0 fre|d |
| 020 | |a0-662-64433-6 |
| 040 | |aCaOODSP|bfre |
| 041 | |aeng |
| 041 | |afre |
| 043 | |an-cn--- |
| 086 | 1 |aH39-502/1999 |
| 110 | 1 |aCanada.|bSanté Canada. |bDirection générale des politiques et de la consultation. |
| 245 | 13|aLe système de soins de santé au Canada |
| 260 | |aOttawa - Ontario : |bSanté Canada. |c1999. |
| 300 | |aTexte français, 16p. ; |c28 cm. |
| 546 | |aBilingue |
| 563 | |aCouverture souple |
| 590 | |a99-34|b1999-08-27 |
| 691 | 07|aRégime de soins de santé|2gcpds |
| 776 | 0#|tLe système de soins de santé au Canada |w(CaOODSP)9.640486 |
| 776 | 0#|tCanada's health care system |w(CaOODSP)9.696370 |
| 791 | |tCanada's health care system |eeng|w(CaOODSP)9.661253 |